|
|
|
|
| LEADER |
00000nam a2200000 a 4500 |
| 001 |
vtls008844883 |
| 003 |
SK-MaSNL |
| 005 |
20260302004701.0 |
| 008 |
160610s2006 xo dl e p 000 0 slo |
| 015 |
|
|
|a SNBA2006/09-04885
|
| 020 |
|
|
|a 8010010022
|q (brož.)
|
| 035 |
|
|
|a E4815CF6-34DF-4E66-A397-B06240D188A1
|
| 035 |
|
|
|a urn:nbn:sk:snk-amlfcb
|
| 035 |
|
|
|a urn:nbn:sk:snk-am008x4c
|
| 040 |
|
|
|a SNK
|b slo
|c SNK
|e AACR2
|
| 041 |
1 |
|
|a slo
|h cze
|
| 044 |
|
|
|a xo
|c SK
|
| 072 |
|
7 |
|a 53
|x Fyzika
|2 konspekt
|
| 080 |
|
|
|a 53
|2 2001
|
| 080 |
|
|
|a (075.3)
|2 2001
|
| 100 |
1 |
|
|a Koubek, Václav,
|d 1934-
|4 aut
|4 trl
|9 201458
|
| 245 |
1 |
0 |
|a Fyzika pre 3. ročník gymnázií
|c Václav Koubek, Oldřich Lepil
|
| 250 |
|
|
|a 2. upr. vyd.
|
| 260 |
|
|
|a Bratislava
|b Slovenské pedagogické nakladateľstvo
|c 2006
|
| 300 |
|
|
|a 239 s.
|b grafy, sch., tab.
|c 21 cm
|
| 500 |
|
|
|a Celkove 7. vyd.
|
| 500 |
|
|
|a Ilustr. na tit. strane
|
| 500 |
|
|
|a Preložené z češtiny
|
| 650 |
0 |
7 |
|a fyzika
|2 SNKPH
|9 816
|
| 655 |
|
7 |
|a učebnice stredných škôl
|2 SNKPH
|9 69323
|
| 700 |
1 |
|
|a Lepil, Oldřich,
|d 1933-
|4 aut
|9 207482
|
| 919 |
|
|
|a 80-10-01002-2
|
| 958 |
|
|
|a OND
|
| 968 |
|
|
|b ČES
|d 53+54
|
| 999 |
|
|
|c 996821
|d 998751
|
| 952 |
|
|
|a SNK
|b SNK
|y PREZ
|7 0
|p 17A0520791
|o snkSC 124655
|i snk2006/17506
|8 0
|0 0
|1 0
|4 0
|d 2006-09-06
|f 1
|l 0
|r 2025-06-06 00:00:00
|w 2026-02-24
|
| 952 |
|
|
|a SNK
|b SNK
|y VYP
|7 0
|p 17A0520785
|o snkSC 124655 D1
|i snk2006/17507
|8 0
|0 0
|1 0
|4 0
|d 2006-09-06
|l 0
|r 2026-02-24 12:06:43
|w 2026-02-24
|